La Antartica Chilena /

Saved in:
Bibliographic Details
Main Author: Pinochet de la Barra, Oscar
Format: Book
Published: Santiago : Andes Bello, 1976.
Edition:4. ed.
Subjects:
LEADER 00808nam a2200229 i 4500
001 c000011363
003 CARM
005 00000000000000.0
008 s1976 0 d
019 1 |a 2546301  |5 LACONCORD2021 
035 |a (OCoLC)2621703  |5 LACONCORD2021 
100 2 |a Pinochet de la Barra, Oscar. 
245 1 3 |a La Antartica Chilena /  |c Oscar Pinochet de la Barra. 
250 |a 4. ed. 
260 |a Santiago :  |b Andes Bello,  |c 1976. 
300 |a 208p. :  |b ill. 
504 |a Bibliography: p.205-208. 
651 0 |a Antarctica. 
651 0 |a Chile  |x Boundaries. 
852 8 |b CARM  |h A2:AF35A0  |i B01237  |p 0062628  |f BK 
999 f f |i 2f7af432-2d7d-5b01-806b-3babd6f93980  |s 4315d8eb-92f9-57db-bf59-11c164f32134 
952 f f |p Can circulate  |a CAVAL  |b CAVAL  |c CAVAL  |d CARM 1 Store  |e B01237  |f A2:AF35A0  |h Other scheme  |i book  |m 0062628